000 00400cam a22001337a 4500
008 180718b1970 xxu||||| |||| 00| 0 eng d
082 _aT312 Am35ca
100 _aHill, Roger W.
245 _aCash management techniques
_cby Roger W. Hill
260 _aNew York
_bAmerican Management Asociation
_c1970
300 _a80p.
650 _aCorporations - Finance
700 _aAmerican Management Association
999 _c339437
_d339437